LEADER 01540nam a2200241 i 4500 001 000000119214 003 CaOOAMICUS 005 20150623000000.0 008 150623s1823 it u000 u ita u 013 $a91907 026 $aa-l- a.le u.i- tres (3) 1823 (A) 040 $aSeMil$bita 245 10$aOrazione pei funerali del sommo pontefice Pio settimo celebrati nell'abazial chiesa di S. Giovanni Vangelista da' monaci cassinesi di Parma detta dal p. lettore d. Paolo Agostino Garbarini ... il dì 13 ottobre 1823. 260 $aParma :$bDalla Tipografia Carmignani,$c1823. 300 $a47, [5] p. ;$c12°. 650 4$aPio VII - Necrologie.$0(OLS)http://semarc/subject/22305 700 1 $aGarbarini, Paolo Agostino <1777-1834>.$0(OLS)http://semarc/name/49726 700 1 $aCarmignani,$c.$0(OLS)http://semarc/name/3024 773 0 $tNotices et extraits des manuscrits de la Bibliothèque du Roi, lûs au Comité établi par Sa Majesté dans l'Académie Royale des Inscriptions et Belles-Lettres.$dA Paris : Imprimerie Royale, 1787.$w()10263 850 $aSeMil 852 $aSeMil$W1$xVenegono$y1$m3F II 398 FA$j74447$B74447$CSeMilBibl$Z2$F76712 $8I 996 $6245$aOrazione pei funerali del sommo pontefice Pio settimo celebrati nell'abazial chiesa di S. Giovanni Vangelista da' monaci cassinesi di Parma detta dal p. lettore d. Paolo Agostino Garbarini ... il dì 13 ottobre 1823$9(OLS)http://semarc/title/175180 996 $6260$aParma :$bDalla Tipografia Carmignani$9(OLS)http://semarc/publisher/45880 LEADER 01302nam a2200253 i 4500 001 000000124323 003 CaOOAMICUS 005 20040319000000.0 008 040319s1987 it u000 u ita u 013 $a97020 040 $aSeMil$bita 245 12$aL'Università a Bologna :$bpersonaggi, momenti e luoghi dalle origini al XVI secolo /$ca cura di Ovidio Capitani ; testi di Angela De Benedictis ... [et al.]. 260 $a[Bologna] :$bCassa di Risparmio in Bologna,$ccopyr. 1987. 300 $a227 p. :$briccamente ill. ;$c30 cm. 500 $aIl volume è nato sotto gli auspici dell'Università di Bologna in occasione del suo IX Centenario. - Fondo Card. C.M. Martini. 650 4$aBologna - Università - Storia.$0(OLS)http://semarc/subject/23941 700 1 $aDe Benedictis, Angela.$0(OLS)http://semarc/name/15294 700 1 $aCapitani, Ovidio <1930-2012>.$0(OLS)http://semarc/name/6748 850 $aSeMil 852 $aSeMil$W1$xVenegono$y1$m5R XI 12$j78922$B78922$CSeMilBibl$Z2$F81093 $81 941 1 $a4 961 $aOmaggio: Martini Card. Carlo Maria 996 $6245$aL'Università a Bologna :$bpersonaggi, momenti e luoghi dalle origini al XVI secolo$9(OLS)http://semarc/title/182958 996 $6260$a[Bologna] :$bCassa di Risparmio in Bologna$9(OLS)http://semarc/publisher/34440